000 00391cam a2200169 4500
001 D14533
008 090401t1900 xxu||||| |||| 00| 0 eng d
035 _a(Sirsi) u16274
041 _aeng
100 _aWright, Sidney
245 4 _aThe law of landlord and tenant
260 _aLondon
_bEstates Gazette
_c1900
350 _a0
520 _aShelf 137
942 _n0
948 _c04/03/1997
999 _c87407
_d87407